Online
Catalog

The Japanese print : (Record no. 59575)

MARC details
000 -CABECERA
campo de control de longitud fija 02266nam a2200361 i 4500
003 - IDENTIFICADOR DEL NÚMERO DE CONTROL
campo de control DO-SdBNP
005 - FECHA Y HORA DE LA ÚLTIMA TRANSACCIÓN
campo de control 20250723145734.0
007 - CAMPO FIJO DE DESCRIPCIÓN FÍSICA--INFORMACIÓN GENERAL
campo de control de longitud fija ta
008 - DATOS DE LONGITUD FIJA--INFORMACIÓN GENERAL
campo de control de longitud fija 250718b1966 dr a|||| |||| 00| 0 spa d
020 ## - NÚMERO INTERNACIONAL ESTÁNDAR DEL LIBRO
Número Internacional Estándar del Libro 0870110314
040 ## - FUENTE DE LA CATALOGACIÓN
Centro catalogador/agencia de origen DO-SdBNP
Lengua de catalogación spa
Centro/agencia transcriptor BNPHU
Normas de descripción rda
041 ## - CÓDIGO DE LENGUA
Código de lengua del texto/banda sonora o título independiente eng
082 #4 - NÚMERO DE LA CLASIFICACIÓN DECIMAL DEWEY
Número de clasificación 769.952
Número de documento/Ítem N218j
Número de edición 22
100 1# - ENTRADA PRINCIPAL--NOMBRE DE PERSONA
Nombre de persona Narazaki, Muneshige,
Fechas asociadas al nombre 1904-2001.
Término indicativo de función/relación autor
Código de función/relación aut.
9 (RLIN) 87698
245 14 - MENCIÓN DE TÍTULO
Título The Japanese print :
Resto del título its evolution and essence /
Mención de responsabilidad, etc. Muneshige Narazaki ; adaptación inglesa, C. H. Mitchell.
250 ## - MENCIÓN DE EDICIÓN
Mención de edición Primera edición
264 #4 - PRODUCCIÓN, PUBLICACIÓN, DISTRIBUCIÓN, FABRICACIÓN Y COPYRIGHT
Producción, publicación, distribución, fabricación y copyright Tokyo ;
-- Palo Alto, California ;
Nombre del de productor, editor, distribuidor, fabricante Kodansha International, LTD
Fecha de producción, publicación, distribución, fabricación o copyright ©1966.
300 ## - DESCRIPCIÓN FÍSICA
Extensión 274 páginas :
Otras características físicas 107 ilustraciones coloreadas montadas ;
Dimensiones 37 cm.
336 ## - TIPO DE CONTENIDO
Término de tipo de contenido texto
Código de tipo de contenido txt
Fuente rdacontent
337 ## - TIPO DE MEDIO
Nombre/término del tipo de medio sin mediación
Código del tipo de medio n
Fuente rdamedia
338 ## - TIPO DE SOPORTE
Nombre/término del tipo de soporte volumen
Código del tipo de soporte nc
Fuente rdacarrier
500 ## - NOTA GENERAL
Nota general Identificación impresa y nombres de los artistas también en caracteres chino-japoneses.
500 ## - NOTA GENERAL
Nota general La biblioteca posee la séptima reimpresión de 1966
500 ## - NOTA GENERAL
Nota general Incluye índice y glosario.
504 ## - NOTA DE BIBLIOGRAFÍA, ETC.
Nota de bibliografía, etc. Bibliografía : páginas 257-267
520 ## - SUMARIO, ETC.
Sumario, etc. Una selección de más de cien xilografías ukiyo-e japonesas a todo color, incluyendo varios trípticos desplegables, encuadernados con separadores. Obras de los artistas más importantes de los siglos XVII al XIX, estas reproducciones fieles abarcan una amplia gama temática: retratos de actores, escenas de género, paisajes, escenas cómicas, mujeres hermosas y más. Además de un texto introductorio de tres capítulos, las láminas se acompañan de extensos pies de foto con descripciones completas de detalles artísticos, material biográfico sobre los artistas y una historia evolutiva de las impresiones japonesas. Una sección especial del adaptador, C.H. Mitchell, aborda los criterios de selección, el valor de mercado y el cuidado de las impresiones. Un libro exquisito en excelente estado, con estuche resistente y protector de lomo. 474 páginas. tela, sobrecubierta, estuche de cartón, folio.
590 ## - NOTA LOCAL (RLIN)
Nota local Inventariado, 2025/ YL
650 #4 - PUNTO DE ACCESO ADICIONAL DE MATERIA--TÉRMINO DE MATERIA
Término de materia o nombre geográfico como elemento de entrada Grabados en color, japonesas.
9 (RLIN) 88389
650 #4 - PUNTO DE ACCESO ADICIONAL DE MATERIA--TÉRMINO DE MATERIA
Término de materia o nombre geográfico como elemento de entrada Ukiyoe
9 (RLIN) 88390
700 1# - PUNTO DE ACCESO ADICIONAL--NOMBRE DE PERSONA
Nombre de persona Mitchell, C. H.
9 (RLIN) 88429
910 ## - DATOS DE OPCIÓN DEL USUARIO (OCLC)
Datos de opción del usuario YLockward/Validado. Control de calidad MFF
942 ## - ELEMENTOS DE PUNTO DE ACCESO ADICIONAL (KOHA)
Fuente del sistema de clasificación o colocación Dewey Decimal Classification
Tipo de ítem Koha Libro
Holdings
Estado de retiro Estado de pérdida Fuente del sistema de clasificación o colocación Restricciones de uso No para préstamo Código de colección Localización permanente Ubicación/localización actual Ubicación en estantería Fecha de adquisición Fuente de adquisición Total de préstamos Signatura topográfica completa Código de barras Fecha visto por última vez Precio válido a partir de Tipo de ítem Koha
    Dewey Decimal Classification Préstamo en sala   General Biblioteca Nacional Pedro Henríquez Ureña Biblioteca Nacional Pedro Henríquez Ureña Depósito 01.07.1980 Donado por la Embajada de Japón   BNPHU GR 769.952 N218j 2025-6700 18.07.2025 18.07.2025 Libro

Powered by Koha